00679cam a22001813a 450000100060000000300060000600500170001200800410002904000150007004200070008510000510009224502040014326000290034750600300037651600200040683000290042685600420045545131PGUSA20140828084031.0140314s2014||||xxu|||||s|||||000 | eng d aPGUSAbeng adc1 aRobertson, J. M.q(John Mackinnon),d1856-193310aCharles Bradlaugh :ba Record of His Life and Work, Volume II (of 2) : With an Account of his Parliamentary Struggle, Politics and Teachings. Seventh Editionh[electronic resource] /cJ. M. Robertson bProject Gutenberg,c2014 aPublic domain in the USA. aElectronic text 0aProject Gutenbergv4513140uhttp://www.gutenberg.org/ebooks/45131